|
|
|
|
| LEADER |
00000cam a2200000 a 4500 |
| 001 |
vtls001092648 |
| 003 |
SK-MaSNL |
| 005 |
20260311134402.0 |
| 008 |
180814s1983 xo a f np 00000 slo |
| 015 |
|
|
|a SNBA1983/11
|
| 035 |
|
|
|a SNK000035490
|
| 040 |
|
|
|a SNK
|b slo
|c SNK
|e AACR2
|
| 041 |
0 |
|
|a slo
|
| 044 |
|
|
|a xo
|c SK
|
| 080 |
|
|
|a 342.9(075.8)
|2 1981
|
| 100 |
1 |
|
|a Gašpar, Michal,
|d 1927-2012
|4 aut
|9 110959
|
| 245 |
1 |
0 |
|a Československé správne právo 1
|c Michal Gašpar, Erika Kučerová, Peter Škultéty
|
| 250 |
|
|
|a 2. preprac. vyd.
|
| 260 |
|
|
|a Bratislava
|b Univerzita Komenského
|c 1983
|e Bratislava
|f Polygrafické stredisko UK
|
| 300 |
|
|
|a 165 s.
|b sch., tab.
|c 29 cm
|
| 366 |
|
|
|e 1500 výtl.
|
| 504 |
|
|
|a Obsahuje bibliografiu
|
| 650 |
0 |
7 |
|a správne právo
|2 SNKPH
|9 2266
|
| 651 |
|
7 |
|a Československo
|2 SNKPHgeo
|9 21376
|
| 655 |
|
7 |
|a učebnice vysokých škôl
|2 SNKPH
|9 70191
|
| 700 |
1 |
|
|a Kučerová, Erika,
|d 1942-
|4 aut
|9 39516
|
| 700 |
1 |
|
|a Škultéty, Peter,
|d 1948-2020
|4 aut
|9 206193
|
| 958 |
|
|
|a NB
|
| 958 |
|
|
|a RM
|
| 958 |
|
|
|a UV
|
| 958 |
|
|
|a OND
|
| 999 |
|
|
|c 878940
|d 880870
|
| 952 |
|
|
|a SNK
|b SNK
|y PREZ
|7 0
|p 17A0776490
|o snkSB 36675/1
|0 0
|1 0
|4 0
|d 2012-04-02
|f 1
|l 0
|r 2025-04-15 00:00:00
|w 2026-02-24
|
| 952 |
|
|
|t P60, <04>, [BOOK]
|a SNK
|b SNK
|y VYP
|7 0
|p 17A0390528
|o snkSB 36675/1 D1
|i snkKSP 8003/83
|0 0
|1 0
|4 0
|d 2003-07-22
|l 0
|r 2004-12-31 00:00:00
|w 2026-02-24
|